000 00840nam a22002297a 4500
008 240706b mp ||||| |||| 00| 0 mon d
020 _a99929-0-468-2
035 _a573
040 _aBH0164090
_bmon
_cMN-UlNLM
_dMN-UlNLM
_erda
041 _amon
042 _a48063
084 _2NNA
_a83.8/4Анг
_bГ.786
100 _aАйгнэр Э
245 0 _aГэрийн тэжээвэр
264 _aУлаанбаатар
_c2005
300 _a20х.
336 _2rdacontent
_atext
_btxt
337 _2rdamedia
_aunmediated
_bn
338 _2rdacarrier
_avolume
_bnc
650 _aЭнэхүү номонд гэрийн тэжээвэр амьтдын тухай танин мэдэхүйн ном юм Гэрийн тэжээвэр амьтан, Танин мэдэхүйн ном Гарчиг: Тахиа, Н...
942 _2NNA
_cBK
999 _c1100621
_d1100678